| LEADER |
01865njm0a2200469 450 |
| 001 |
16868082 |
| 010 |
|
|
|a 602567402404
|
| 071 |
|
|
|a 6740240
|b Clara Luciani
|
| 100 |
|
|
|a 20201208d2018 u u0frey01 ba
|
| 101 |
0 |
|
|a fre
|
| 200 |
0 |
|
|a Sainte-Victoire
|f Clara Luciani
|
| 207 |
|
1 |
|a
|
| 210 |
|
|
|c Clara Luciani
|d 2018
|
| 215 |
|
|
|a 1 Vinyle
|
| 327 |
|
|
|a La grenade,La baie,On ne meurt pas d'amour,Eddy,Les fleurs,Comme toi,Drôle d'époque,Monstre d'amour,La dernière fois,Dors,Sainte-Victoire,La grenade,La baie,On ne meurt pas d'amour,Eddy,Les fleurs,Comme toi,Drôle d'époque,Monstre d'amour,La dernière
|
| 330 |
|
|
|a Jeune, brune, voix grave et assurée, auteure compositrice d'un premier album dont les dix chansons perforent le coeur comme autant de flèches embrasées. Si elle se défend d'être une femme de son époque, elle est pourtant une femme d'aujourd'hui. Après s'être, un temps, glissée dans les pas de ses ainés, Clara Luciani est désormais en marche pour marquer de son empreinte la nouvelle pop française. Une Sainte-Victoire.
|
| 464 |
|
|
|a La grenade
|
| 464 |
|
|
|a La baie
|
| 464 |
|
|
|a On ne meurt pas d'amour
|
| 464 |
|
|
|a Eddy
|
| 464 |
|
|
|a Les fleurs
|
| 464 |
|
|
|a Comme toi
|
| 464 |
|
|
|a Drôle d'époque
|
| 464 |
|
|
|a Monstre d'amour
|
| 464 |
|
|
|a La dernière fois
|
| 464 |
|
|
|a Dors
|
| 464 |
|
|
|a Sainte-Victoire
|
| 464 |
|
|
|a La grenade
|
| 464 |
|
|
|a La baie
|
| 464 |
|
|
|a On ne meurt pas d'amour
|
| 464 |
|
|
|a Eddy
|
| 464 |
|
|
|a Les fleurs
|
| 464 |
|
|
|a Comme toi
|
| 464 |
|
|
|a Drôle d'époque
|
| 464 |
|
|
|a Monstre d'amour
|
| 464 |
|
|
|a La dernière fois
|
| 464 |
|
|
|a Dors
|
| 464 |
|
|
|a Sainte-Victoire
|
| 676 |
|
|
|a 8
|
| 700 |
|
0 |
|a Luciani
|b Clara
|4 230
|
| 900 |
|
|
|a Documentaire
|
| 995 |
|
|
|a Médiathèque
|c Médiathèque
|f 00156011242245
|h 00156011242245
|k 8 LUC
|o p
|q a
|r je
|e Médiathèque
|